UM Logo

Siren's song/ (Record no. 15604)

MARC details
000 -LEADER
fixed length control field 01450nam a2200157 4500
008 - FIXED-LENGTH DATA ELEMENTS--GENERAL INFORMATION
fixed length control field 200929b ||||| |||| 00| 0 eng d
020 ## - INTERNATIONAL STANDARD BOOK NUMBER
International Standard Book Number 978-1-4016-9041-0
082 ## - DEWEY DECIMAL CLASSIFICATION NUMBER
Edition number 2016
Classification number DFic
Item number W388
100 ## - MAIN ENTRY--PERSONAL NAME
Personal name Weber, Mary
9 (RLIN) 42248
245 ## - TITLE STATEMENT
Title Siren's song/
Statement of responsibility, etc. Mary Weber
260 ## - PUBLICATION, DISTRIBUTION, ETC. (IMPRINT)
Place of publication, distribution, etc. Nashville, Tennesee :
Name of publisher, distributor, etc. Thomas Nelson,
Date of publication, distribution, etc. ©2016
300 ## - PHYSICAL DESCRIPTION
Extent 371 pages;
Dimensions 22 cm
520 ## - SUMMARY, ETC.
Summary, etc. With the loss of Tulla still fresh in mind, Rasha’s fate unknown, and Lord Myles taken over by the dark ability, Nym and the few Bron soldiers rush to warn Cashlin’s queen. Only to discover it may already be too late for the monarch and her eerie kingdom. As the Luminescents are sifting through Nym’s past memories and the queen is reading into her future, Nym is given a choice of how to defeat Draewulf, but the cost may be more than she can bear. And even then there are no guarantees.<br/><br/>With that reality burrowing into her bones—along with the guilt of the lives she will sacrifice—Nym returns to her homeland of Faelen to raise an army of peasants through promises of freedom. But when the few friends she has left, along with the world and citizens she loves, are staring down the face of a monster and his undead army, will Nym summon every element her blood is capable of controlling . . . or surrender to a different strength—one of sacrifice?<br/><br/>Because in the end, death may be more merciful for them all.
365 ## - TRADE PRICE
Price amount 190.00
Currency code Php
942 ## - ADDED ENTRY ELEMENTS (KOHA)
Source of classification or shelving scheme Dewey Decimal Classification
Koha item type Fiction
Holdings
Withdrawn status Lost status Source of classification or shelving scheme Damaged status Not for loan Collection code Home library Current library Shelving location Date acquired Source of acquisition Cost, normal purchase price Total Checkouts Full call number Barcode Date last seen Copy number Price effective from Koha item type
    Dewey Decimal Classification     Fiction UM Digos College - LIC UM Digos College - LIC Book Cart 11/22/2019 Purchased 190.00   DFic W388 2016 25937 05/15/2025 1 09/29/2020 Fiction